Open heart, open home / (Record no. 4659)

MARC details
000 -LEADER
fixed length control field 00773nam a2200253 a 4500
001 - CONTROL NUMBER
control field 4334013
003 - CONTROL NUMBER IDENTIFIER
control field GBCCL
005 - DATE AND TIME OF LATEST TRANSACTION
control field 20241126110523.0
008 - FIXED-LENGTH DATA ELEMENTS--GENERAL INFORMATION
fixed length control field 881028s1987 ilu b 000 0 eng
010 ## -
-- 88138743
020 ## - INTERNATIONAL STANDARD BOOK NUMBER
International Standard Book Number 0891911111 (pbk.)
020 ## - INTERNATIONAL STANDARD BOOK NUMBER
International Standard Book Number 1555131654 (with additional Bible study : pbk.)
040 ## - CATALOGING SOURCE
Original cataloging agency DLC
Transcribing agency DLC
Modifying agency DLC
050 00 -
-- BJ2021
-- .M25 1987
082 00 - DEWEY DECIMAL CLASSIFICATION NUMBER
Classification number 241.671
Edition information 19
Item number MAI
100 1# - MAIN ENTRY--PERSONAL NAME
Personal name Mains, Karen Burton.
9 (RLIN) 8545
245 10 - TITLE STATEMENT
Title Open heart, open home /
Statement of responsibility, etc. Karen Burton Mains.
260 ## - PUBLICATION, DISTRIBUTION, ETC.
Place of publication, distribution, etc. Elgin, Ill. :
Name of publisher, distributor, etc. D.C. Cook Pub. Co.,
Date of publication, distribution, etc. c1987.
300 ## - PHYSICAL DESCRIPTION
Extent 216 p. ;
Dimensions 21 cm.
504 ## - BIBLIOGRAPHY, ETC. NOTE
Bibliography, etc. note Bibliography: p. [6]
650 #0 - SUBJECT ADDED ENTRY--TOPICAL TERM
Topical term or geographic name entry element Hospitality
General subdivision Moral and ethical aspects.
9 (RLIN) 9021
906 ## - LOCAL DATA ELEMENT F, LDF (RLIN)
a 7
b cbc
c orignew
d 3
e ncip
f 19
g y-gencatlg
942 ## - ADDED ENTRY ELEMENTS (KOHA)
Source of classification or shelving scheme Dewey Decimal Classification
Koha item type Books
Holdings
Withdrawn status Lost status Source of classification or shelving scheme Damaged status Not for loan Home library Current Library Shelving location Date acquired Total checkouts Full call number Barcode Date last seen Copy number Price effective from Koha item type
    Dewey Decimal Classification     GRACE BIBLE COLLEGE GRACE BIBLE COLLEGE Theology 2018-01-30   241.671 MAI 008158 2025-05-01 c.1 2018-01-30 Books
© Grace Bible College Library 2025